LEADER 01104nam 2200385 450 001 990000967940203316 010 $a1-87672-02-4 035 $a0096794 035 $aUSA010096794 035 $a(ALEPH)000096794USA01 035 $a0096794 100 $a20020219d1996----km-y0itay0103----ba 101 $aeng 102 $aGB 105 $a||||||||001yy 200 1 $aNeural computing for structural mechanics$fB.H.V. Topping, A. Bahreininejad 210 $aEdinburg$cSexe-Coburg$dc1996 215 $aVIII, 178 p.$d24 cm 410 $12001 461 1$1001-------$12001 606 0 $aReati naturali 606 0 $aStrutture 676 $a006.32 700 1$aTOPPING,$bB.H.V.$030771 701 1$aBAHREININEJAD,$bA.$0552761 801 0$aIT$bsalbc$gISBD 912 $a990000967940203316 951 $a006.32 TOP$b9666 ING$c006.32 TOP 959 $aBK 969 $aTEC 979 $aPATTY$b90$c20020219$lUSA01$h1101 979 $c20020403$lUSA01$h1739 979 $aPATRY$b90$c20040406$lUSA01$h1707 996 $aNeural computing for structural mechanics$9973068 997 $aUNISA LEADER 00917nam0-22003131i-450- 001 990002052060403321 005 20021010 010 $a0-949324-29-9 035 $a000205206 035 $aFED01000205206 035 $a(Aleph)000205206FED01 035 $a000205206 100 $a20021010d--------km-y0itay50------ba 101 0 $aita 200 1 $aCare and handling of Australian natuve animals$eemergency care and captive management$fed. by Suzanne J. Hand 210 $aChipping North$cSurrey Beatty$d1990 215 $a210 p.$d24 cm 610 0 $aZoogeografia 610 0 $aZoologia Australia 676 $a591.994 702 1$aHand,$bSuzanne J. 801 0$aIT$bUNINA$gRICA$2UNIMARC 901 $aBK 912 $a990002052060403321 952 $a61 IX A.4/29$b6912 (17/04/98)$fDAGEN 959 $aDAGEN 996 $aCare and handling of Australian natuve animals$9406135 997 $aUNINA DB $aING01 LEADER 00923nam0-22003251--450- 001 990008880040403321 005 20090721153822.0 010 $a88-7766-086-4 035 $a000888004 035 $aFED01000888004 035 $a(Aleph)000888004FED01 035 $a000888004 100 $a20090721d1990----km-y0itay50------ba 101 0 $aita 102 $aIT 105 $ay-------001yy 200 1 $a<>infinita via$eragione, natura e Trinità da Anselmo a Tommaso$fa cura di Alessandra Tarabochia Canavero 210 $aBergamo$cP. Lubrina$d1990 215 $a272 p.$d24 cm 225 1 $aQuodlibet 300 $aAntologia di testi e di studi 676 $a231.044$v20$zita 702 1$aTarabochia Canavero,$bAlessandra 801 0$aIT$bUNINA$gRICA$2UNIMARC 901 $aBK 912 $a990008880040403321 952 $aSDI-KD 466$b1728$fSDI 959 $aSDI 996 $aInfinita via$9802819 997 $aUNINA